000 00261cam a22000977a 4500
008 180718b xxu||||| |||| 00| 0 eng d
082 _aI513/M868/75/c.1
100 _aMouzelis, Nicos P.
245 _aOrganisation and bureaucracy
_cby Nicos P. Mouzelis
260 _a
_b
_c
999 _c348605
_d348605